| 000 | 00430nam a22001457a 4500 | ||
|---|---|---|---|
| 003 | OSt | ||
| 008 | 241216b |||||||| |||| 00| 0 eng d | ||
| 041 | _aeng | ||
| 082 | _a621.3121 MOR/PO | ||
| 100 |
_aMorse, Frederick T _96511 |
||
| 245 |
_aPower Plant Engineering _bTheory and Practice of Stationery Electric Generating Plants |
||
| 260 |
_aNew Delhi : _bAffliated East West Press Pvt Ltd, _c1932 |
||
| 300 | _a687p. | ||
| 942 | _cBK | ||
| 999 |
_c18609 _d18609 |
||